| 000 | 01189 a2200385 4500 | ||
|---|---|---|---|
| 999 |
_c75653 _d37854 |
||
| 001 | 75653 | ||
| 003 | TR-AnTOB | ||
| 005 | 20240923151047.0 | ||
| 008 | 140422s1987 tu 000 0 | ||
| 040 |
_aTOBBETÜ _cTR-AnTOB |
||
| 041 | _atur | ||
| 050 |
_aB2430.S34 _bJ67 1987 |
||
| 090 | _aB2430.S34 J67 1987 | ||
| 100 |
_aGürsoy, Kenan _957258 |
||
| 245 | 0 |
_aJ. P. Sartre ateizmi'nin doğurduğu problemler / _cKenan Gürsoy. |
|
| 264 | 1 |
_aAnkara : _bKültür ve Turizm Bakanlığı, _c1987. |
|
| 300 | _a112 s. | ||
| 336 |
_2rdacontent _atext _btxt |
||
| 337 |
_2rdamedia _aunmediated _bn |
||
| 338 |
_2rdacarrier _avolume _bnc |
||
| 490 | 0 |
_aKültür ve Turizm Bakanlığı Yayınları ; _v724 _aKültür Eserleri Dizisi ; _v65 |
|
| 590 | _aSayın Prof. Dr. İhsan Sezal tarafından bağışlanmıştır. | ||
| 600 | 0 |
_aSartre, Jean-Paul, _d1905-1980 _957259 |
|
| 650 | 0 |
_93865 _aPhilosophy |
|
| 650 | 0 |
_957260 _aAteizm |
|
| 650 | 0 |
_93101 _aAtheism |
|
| 650 | 0 |
_925980 _aFelsefe |
|
| 650 | 0 |
_aExistentialism _947778 |
|
| 650 | 7 |
_aVaroluşçuluk _2etuturkob _911283 |
|
| 902 | _a0030161 | ||
| 903 | _aMerkez Kütüphane | ||
| 942 |
_cBK _2lcc |
||
| 945 | _aÇP, BS | ||